25 Plus grandes villes de Chine (avec une carte) - Statistiques

Statistiques générales
  • Ce quiz a été pris 79 fois
  • Le résultat moyen est 13 sur 25
Réponses sur la Carte
Les réponses sont colorées sur une échelle allant du rouge au vert en fonction du pourcentage des utilisateurs qui les ont devinées à leur premier essai. Vous pouvez retrouver ces pourcentages ci-dessous.
 
Statistiques - réponses
Ville Population % Correct
Pékin 19 million
100%
Shanghai 22 million
98%
Canton 16 million
93%
Shenzhen 17,4 million
88%
Wuhan 10,5 million
82%
Chengdu 13,5 million
78%
Chongqing 9,5 million
77%
Xi'an 9,4 million
73%
Xiamen 4,6 million
70%
Tianjin 11 million
65%
Nankin 7,5 million
60%
Harbin 5,2 million
53%
Hangzhou 9,2 million
47%
Qingdao 6,1 million
45%
Dalian 4,9 million
40%
Kunming 5,3 million
33%
Changsha 5,6 million
32%
Shenyang 7 million
32%
Zhengzhou 6,5 million
30%
Suzhou 5,9 million
27%
Hefei 5 million
25%
Dongguan 9,6 million
20%
Jinan 5,6 million
20%
Foshan 9 million
12%
Shijiazhuang 5,1 million
12%
Aucun quiz correspondant
Distribution des résultats
% des personnes avec chaque résultat
Percentile par nombre de réponses
Votre historique - résultats
Vous n’avez pas pris ce quiz